000 00315nam a2200133Ia 4500
005 20251222144748.0
008 251222s9999||||xx |||||||||||||| ||spa||
020 _a84-205-2995-3
082 _a330.154.3/B24
100 _aBarbolla, Rosa
245 0 _aOptimización:
264 _bPearson Educación
942 _cLIB
999 _c19217
_d19217